La distribución científica del personal y la prevención de accidentes del trabajo / (Record no. 96687)

MARC details
000 -LEADER
campo de control de longitud fija 00533nam a2200169 i 4500
001 - NÚMERO DE CONTROL
campo de control 96687
003 - IDENTIFICADOR DE NÚMERO DE CONTROL
campo de control ES-MaACL
005 - FECHA Y HORA DE LA ÚLTIMA TRANSACCIÓN
campo de control 20230906181947.0
007 - CAMPO FIJO DE DESCRIPCIÓN FÍSICA--INFORMACIÓN GENERAL
campo de control de longitud fija t|
008 - DATOS DE LONGITUD FIJA--INFORMACIÓN GENERAL
campo de control de longitud fija 050629s1927 it ||||1| spa d
100 1# - ENTRADA PRINCIPAL--NOMBRE DE PERSONA
Nombre de persona Mallart y Cutó, José.
9 (RLIN) 75793
245 13 - MENCIÓN DEL TÍTULO
Título La distribución científica del personal y la prevención de accidentes del trabajo /
Mención de responsabilidad, etc. José Mallart y Cutó.
260 ## - PUBLICACIÓN, DISTRIBUCIÓN, ETC.
Lugar de publicación, distribución, etc. Roma :
Nombre del editor, distribuidor, etc. [s.n.],
Fecha de publicación, distribución, etc. 1927.
300 ## - DESCRIPCIÓN FÍSICA
Extensión 8 p. ;
Dimensiones 30 cm.
500 ## - NOTA GENERAL
Nota general III Congreso de Organización de Trabajo.
852 ## - LOCALIZACIÓN
Ubicación ES-MaACL
Número de control de estantería 1711-F-17
Holdings
Estatus retirado Estado de pérdida Estado de daño No para préstamo Colección Biblioteca de origen Biblioteca actual Ubicación en estantería Fecha de adquisición Fuente de adquisición Total de préstamos Signatura topográfica completa Código de barras Visto por última vez Precio de reemplazo Tipo de ítem Koha
        Colección de folletos Biblioteca del Ateneo de Madrid Biblioteca del Ateneo de Madrid Depósito folletos 17/01/2008     1711-F-17 1100940 23/02/2023 23/02/2023 Folleto